| 000 | 01166nam a22003137a 4500 | ||
|---|---|---|---|
| 003 | OSt | ||
| 005 | 20170518103414.0 | ||
| 008 | 170314b xxu||||| |||| 00| 0 eng d | ||
| 020 | _a1578863945 (hardcover : alk. paper) | ||
| 020 | _a1578863848 (pbk. : alk. paper) | ||
| 020 | _a9781578863846 | ||
| 020 | _a9781578863945 | ||
| 040 |
_aMMU _cMMU _dMMU _beng |
||
| 042 | _apcc | ||
| 043 | _an-us--- | ||
| 050 | 0 | 0 |
_aKF4118 _b.P35 2006 |
| 082 | 0 | 0 |
_a344.73/07 _222 |
| 100 | 1 | _aPalestini, Robert H. | |
| 245 | 1 | 0 |
_aLaw and American education : _ba case brief approach / _cRobert H. Palestini, Karen F. Palestini. |
| 250 | _a2nd ed. | ||
| 260 |
_aLanham, Md : _bRowman & Littlefield Education, _c2006. |
||
| 300 |
_aviii, 111 p. ; _c29 cm. |
||
| 500 | _aIncludes index. | ||
| 505 | 0 | _aThe educator and liability -- Schools and the state -- Students and the law -- Teachers and the law -- School desegregation -- School finance issues. | |
| 650 | 0 |
_aEducational law and legislation _zUnited States _vCases. |
|
| 700 | 1 | _aPalestini, Karen F. | |
| 856 | 4 | 1 |
_3Table of contents only _uhttp://www.loc.gov/catdir/toc/ecip064/2005034765.html |
| 942 |
_2lcc _cLOAN LOAN |
||
| 999 |
_c24655 _d24655 |
||